<?xml version="1.0" encoding="UTF-8"?>
<record
    xmlns:xsi="http://www.w3.org/2001/XMLSchema-instance"
    xsi:schemaLocation="http://www.loc.gov/MARC21/slim http://www.loc.gov/standards/marcxml/schema/MARC21slim.xsd"
    xmlns="http://www.loc.gov/MARC21/slim">

  <leader>00376nam a2200145Ia 4500</leader>
  <controlfield tag="008">230917s9999||||xx |||||||||||||| ||und||</controlfield>
  <datafield tag="040" ind1=" " ind2=" ">
    <subfield code="e">23134</subfield>
    <subfield code="a">MAIN</subfield>
  </datafield>
  <datafield tag="041" ind1=" " ind2=" ">
    <subfield code="a">English</subfield>
  </datafield>
  <datafield tag="082" ind1=" " ind2=" ">
    <subfield code="a">330.122 D654S</subfield>
  </datafield>
  <datafield tag="100" ind1=" " ind2=" ">
    <subfield code="a">Dobb, Maurice</subfield>
  </datafield>
  <datafield tag="245" ind1=" " ind2="0">
    <subfield code="a">Studies in the development of capitalism</subfield>
  </datafield>
  <datafield tag="260" ind1=" " ind2=" ">
    <subfield code="a">London</subfield>
    <subfield code="b">Routledge &amp; Kegan Paul</subfield>
    <subfield code="c">1959</subfield>
  </datafield>
  <datafield tag="300" ind1=" " ind2=" ">
    <subfield code="a">ix, 396 p.</subfield>
  </datafield>
  <datafield tag="942" ind1=" " ind2=" ">
    <subfield code="c">BK</subfield>
  </datafield>
  <datafield tag="952" ind1=" " ind2=" ">
    <subfield code="0">0</subfield>
    <subfield code="1">0</subfield>
    <subfield code="4">0</subfield>
    <subfield code="6">330_122000000000000_D654S</subfield>
    <subfield code="7">0</subfield>
    <subfield code="9">79944</subfield>
    <subfield code="a">MAIN</subfield>
    <subfield code="b">MAIN</subfield>
    <subfield code="d">2002-08-08</subfield>
    <subfield code="l">0</subfield>
    <subfield code="o">330.122 D654S</subfield>
    <subfield code="p">1137</subfield>
    <subfield code="r">2023-09-17 20:44:10</subfield>
    <subfield code="w">2023-09-17</subfield>
    <subfield code="y">BK</subfield>
  </datafield>
  <datafield tag="952" ind1=" " ind2=" ">
    <subfield code="0">1</subfield>
    <subfield code="1">0</subfield>
    <subfield code="2">ddc</subfield>
    <subfield code="4">1</subfield>
    <subfield code="6">330_122000000000000_D654S</subfield>
    <subfield code="7">0</subfield>
    <subfield code="9">79945</subfield>
    <subfield code="a">MAIN</subfield>
    <subfield code="b">MAIN</subfield>
    <subfield code="d">2002-08-08</subfield>
    <subfield code="l">0</subfield>
    <subfield code="o">330.122 D654S</subfield>
    <subfield code="p">14276</subfield>
    <subfield code="r">2023-09-17 20:44:10</subfield>
    <subfield code="w">2023-09-17</subfield>
    <subfield code="y">BK</subfield>
  </datafield>
  <datafield tag="952" ind1=" " ind2=" ">
    <subfield code="0">0</subfield>
    <subfield code="1">0</subfield>
    <subfield code="4">0</subfield>
    <subfield code="6">330_122000000000000_D654S</subfield>
    <subfield code="7">0</subfield>
    <subfield code="9">79946</subfield>
    <subfield code="a">MAIN</subfield>
    <subfield code="b">MAIN</subfield>
    <subfield code="d">2002-08-08</subfield>
    <subfield code="l">0</subfield>
    <subfield code="o">330.122 D654S</subfield>
    <subfield code="p">15917</subfield>
    <subfield code="r">2023-09-17 20:44:10</subfield>
    <subfield code="w">2023-09-17</subfield>
    <subfield code="y">BK</subfield>
  </datafield>
  <datafield tag="952" ind1=" " ind2=" ">
    <subfield code="0">0</subfield>
    <subfield code="1">0</subfield>
    <subfield code="4">0</subfield>
    <subfield code="6">330_122000000000000_D654S</subfield>
    <subfield code="7">0</subfield>
    <subfield code="9">79947</subfield>
    <subfield code="a">MAIN</subfield>
    <subfield code="b">MAIN</subfield>
    <subfield code="d">2002-08-08</subfield>
    <subfield code="l">0</subfield>
    <subfield code="o">330.122 D654S</subfield>
    <subfield code="p">20321</subfield>
    <subfield code="r">2023-09-17 20:44:10</subfield>
    <subfield code="w">2023-09-17</subfield>
    <subfield code="y">BK</subfield>
  </datafield>
  <datafield tag="952" ind1=" " ind2=" ">
    <subfield code="0">0</subfield>
    <subfield code="1">0</subfield>
    <subfield code="4">0</subfield>
    <subfield code="6">330_122000000000000_D654S</subfield>
    <subfield code="7">0</subfield>
    <subfield code="9">79948</subfield>
    <subfield code="a">MAIN</subfield>
    <subfield code="b">MAIN</subfield>
    <subfield code="d">2002-08-08</subfield>
    <subfield code="l">0</subfield>
    <subfield code="o">330.122 D654S</subfield>
    <subfield code="p">3476</subfield>
    <subfield code="r">2023-09-17 20:44:10</subfield>
    <subfield code="w">2023-09-17</subfield>
    <subfield code="y">BK</subfield>
  </datafield>
  <datafield tag="952" ind1=" " ind2=" ">
    <subfield code="0">0</subfield>
    <subfield code="1">0</subfield>
    <subfield code="4">0</subfield>
    <subfield code="6">330_122000000000000_D654S</subfield>
    <subfield code="7">0</subfield>
    <subfield code="9">79949</subfield>
    <subfield code="a">MAIN</subfield>
    <subfield code="b">MAIN</subfield>
    <subfield code="d">2002-08-08</subfield>
    <subfield code="l">0</subfield>
    <subfield code="o">330.122 D654S</subfield>
    <subfield code="p">44150</subfield>
    <subfield code="r">2023-09-17 20:44:10</subfield>
    <subfield code="w">2023-09-17</subfield>
    <subfield code="y">BK</subfield>
  </datafield>
  <datafield tag="952" ind1=" " ind2=" ">
    <subfield code="0">0</subfield>
    <subfield code="1">0</subfield>
    <subfield code="4">0</subfield>
    <subfield code="6">330_122000000000000_D654S</subfield>
    <subfield code="7">0</subfield>
    <subfield code="9">79950</subfield>
    <subfield code="a">MAIN</subfield>
    <subfield code="b">MAIN</subfield>
    <subfield code="d">2002-08-08</subfield>
    <subfield code="l">0</subfield>
    <subfield code="o">330.122 D654S</subfield>
    <subfield code="p">54346</subfield>
    <subfield code="r">2023-09-17 20:44:10</subfield>
    <subfield code="w">2023-09-17</subfield>
    <subfield code="y">BK</subfield>
  </datafield>
  <datafield tag="952" ind1=" " ind2=" ">
    <subfield code="0">0</subfield>
    <subfield code="1">0</subfield>
    <subfield code="4">0</subfield>
    <subfield code="6">330_122000000000000_D654S</subfield>
    <subfield code="7">0</subfield>
    <subfield code="9">79951</subfield>
    <subfield code="a">MAIN</subfield>
    <subfield code="b">MAIN</subfield>
    <subfield code="d">2002-08-08</subfield>
    <subfield code="l">0</subfield>
    <subfield code="o">330.122 D654S</subfield>
    <subfield code="p">54347</subfield>
    <subfield code="r">2023-09-17 20:44:10</subfield>
    <subfield code="w">2023-09-17</subfield>
    <subfield code="y">BK</subfield>
  </datafield>
  <datafield tag="952" ind1=" " ind2=" ">
    <subfield code="0">0</subfield>
    <subfield code="1">0</subfield>
    <subfield code="4">0</subfield>
    <subfield code="6">330_122000000000000_D654S</subfield>
    <subfield code="7">0</subfield>
    <subfield code="9">79952</subfield>
    <subfield code="a">MAIN</subfield>
    <subfield code="b">MAIN</subfield>
    <subfield code="d">2002-08-08</subfield>
    <subfield code="l">0</subfield>
    <subfield code="o">330.122 D654S</subfield>
    <subfield code="p">93476</subfield>
    <subfield code="r">2023-09-17 20:44:10</subfield>
    <subfield code="w">2023-09-17</subfield>
    <subfield code="y">BK</subfield>
  </datafield>
  <datafield tag="999" ind1=" " ind2=" ">
    <subfield code="c">46668</subfield>
    <subfield code="d">46668</subfield>
  </datafield>
</record>
